| 000 | 01700cam a22004454i 4500 | ||
|---|---|---|---|
| 003 | PE-LiUPU | ||
| 005 | 20250731173444.0 | ||
| 008 | 150616s r 000 0 d | ||
| 035 | _a(Sirsi) a5823 | ||
| 040 |
_aPE-LiUPU _bspa _cPE-LiUPU _erda |
||
| 049 | _aPRUA | ||
| 082 | 0 | 4 |
_a248.8942 _bC71 _221 |
| 100 | 1 |
_aColombas, Garcia M., _eautor. |
|
| 245 | 1 | 3 | _aEl Monacato Primitivo II: La espiritualidad.II. |
| 264 | 1 |
_aMadrid : _bEditorial Católica, _c1974. |
|
| 300 |
_a411 páginas ; _c19 cm. |
||
| 336 |
_atext _2rdacontent |
||
| 337 |
_aunmediated _2rdamedia |
||
| 338 |
_avolume _2rdacarrier |
||
| 505 | 0 | _aNaturaleza y Génesis de la espiritualidad monástica.- Los teóricos de la espiritualidad del monaco antiguo.- Las fuentes de la doctrina monástica.- Renuncia y apartamiento del mundo.- La ascención espiritual.- El ascetismo corporal, espiritual.- El paraíso recobrado.- Oración y contemplación. | |
| 526 | _aSEG42 | ||
| 526 | _aSEG41 | ||
| 526 | _aSEG40 | ||
| 526 | _aSEG39 | ||
| 526 | _aP94 | ||
| 526 | _aP87 | ||
| 526 | _aP86 | ||
| 526 | _aP85 | ||
| 526 | _aP77 | ||
| 526 | _aP76 | ||
| 526 | _aP35 | ||
| 650 | 0 | 4 | _aORDENES RELIGIOSAS - IGLESIA CATOLICA. |
| 910 |
_ajck _bjvq _cjck |
||
| 942 |
_2ddc _cBOOK |
||
| 949 |
_a248.8942 C71 II _wDEWEY _c1 _i39226 _lCCODEBUL1 _mBUL _p00.00 _r0 _sY _tBOOK _u19951009 _xTEOLOGIA _zUNKNOWN _0COMPRA _o.STAFF. Colección General |
||
| 994 |
_aC0 _bPEPRU |
||
| 596 | _a1 | ||
| 999 |
_a248.8942 C71 II _wDEWEY _c56892 _i39226 _f2021-11-12 _g5 _lCCODEBUL1 _mBUL _r0 _sY _tBOOK _u2015-6-16 _xTEOLOGIA _zUNKNOWN _0COMPRA _o.STAFF. Colección General _d56892 |
||
| 980 |
_81 _gALBERTO SANCHEZ Responsable de Automatización |
||